000 00744nam a2200229 a 4500
003 DO-SdBNP
005 20240228142235.0
007 ta
008 220608e2017 dr ||||gr|||| 00| edspa d
020 _a978994590783
040 _aDO-SdBNP
_bspa
_cBNPHU
082 4 _222
_bM433a
100 1 _aMatos Moquete, Manuel,
_d1944-
_96349
245 1 0 _aAntimemorias:
_bla otra última esperanza armada. /
_cManuel Matos Moquete; Editor, Liset Rodríguez Hernández, Carlos Enrique Cabrera
260 _aSanto Domingo :
_bSoto,
_c2017
300 _a291 p. ;
_c23 cm.
590 _aInventariado 2022 / MF
700 1 _aRodríguez Hernández, Liset,
_eed.
_981799
700 1 _931100
_aCabrera, Carlos Enrique
_eed.
910 _aMFeliz
942 _2ddc
_cLBS1
999 _c51956
_d51956